Proces získavania a výberu zamestnancov na pracovné miesta vo vybranom podniku bakalárska práca

Uložené v:
Podrobná bibliografia
Hlavný autor: Píšová, Paulína
Korporativný autor: Fakulta podnikového manažmentu EU. Katedra manažmentu
Ďalší autori: Matkovčíková, Natália, 1982-
Médium: Kniha
Jazyk:Slovak
Vydavateľské údaje: Bratislava 2025
Tagy: Pridať tag
Žiadne tagy, Buďte prvý, kto otaguje tento záznam!

MARC

LEADER 00000nbm a2200000 4500
001 0309978
005 20251212134437.6
041 0 |a slo 
044 |a SK 
245 1 0 |a Proces získavania a výberu zamestnancov na pracovné miesta vo vybranom podniku  |b bakalárska práca  |c Paulína Píšová ; školiteľ: Natália Matkovčíková 
264 1 |a Bratislava  |c 2025 
300 |a 58 s. 
100 1 |a Píšová, Paulína 
700 1 |a Matkovčíková, Natália, 1982- 
710 2 |a Fakulta podnikového manažmentu EU. Katedra manažmentu